| Поле | Инд. | ПП | Название | Значение |
|---|---|---|---|---|
| Тип записи | a | |||
| Библиографический уровень | b | |||
| 001 | Контрольный номер | RU/IS/BASE/289317592 | ||
| 005 | Дата корректировки | 20200610181748.0 | ||
| 008 | Кодируемые данные | 20090302 | ||
| 040 | b | Код языка каталог. | rus | |
| e | Правила каталог. | PSBO | ||
| 041 | 0_ | a | Код языка текста | rus |
| 084 | a | Индекс другой классификации/Индекс ББК | 86.36-2; 83.3(0)-40 | |
| 100 | 1_ | a | Автор | Десницкий А. С. |
| 245 | 10 | a | Заглавие | Интертекстуальность в библейских повествованиях |
| 504 | a | Библиография | Библиогр. - Примеч.: с. 20 | |
| 520 | 0_ | a | Аннотация | В статье автор рассматривает три примера интертекстуальности в ветхозаветных повествованиях, т.е. случаи, когда полное и адекватное понимание того или иного отрывка возможно лишь при его рассмотрении на фоне других отрывков |
| 650 | 04 | a | Основная рубрика | история литературы |
| a | Основная рубрика | иудаизм | ||
| a | Основная рубрика | литературоведение | ||
| a | Основная рубрика | религиоведение | ||
| a | Основная рубрика | филологические науки | ||
| a | Основная рубрика | религия | ||
| 653 | 0_ | a | Ключевые слова | Библия |
| a | Ключевые слова | интертекстуальность | ||
| a | Ключевые слова | история религии | ||
| a | Ключевые слова | священные книги | ||
| a | Ключевые слова | священные тексты | ||
| 773 | 08 | t | Заглавие источника | Вестник Московского университета. Серия 9, Филология |
| d | Дата издания источника | 2008 | ||
| g | Прочая информация | № 1. - С. 14 - 20 | ||
| w | Контрольный № источника | RU/IS/BASE/286474501 | ||
| 901 | t | Тип документа | b |